| 000 | 00000nam 2200000zi 4500 |
| 001 | 9.946736 |
| 003 | CaOODSP |
| 005 | 20250110162007 |
| 006 | m o d f |
| 007 | cr |n||||||||| |
| 008 | 250110s1938 onca o f000 0 eng d |
| 040 | |aCaOODSP|beng|erda|cCaOODSP |
| 043 | |an-cn-qu |
| 086 | 1 |aA52-215/1938E-PDF |
| 086 | 1 |zA51-144E-PDF |
| 100 | 1 |aBordeleau, Richard, |d1902- |eauthor. |
| 245 | 10|aExperimental Station, Farnham, Que. : |bresults of experiments, 1931-1935 / |cR. Bordeleau. |
| 246 | 16|aDominion Experimental Station, Yamaska Valley : |breport of the superintendent, R. Bordeleau |
| 264 | 1|aOttawa, Canada : |bMinister of Agriculture, |c[1938] |
| 300 | |a1 online resource (24 pages) : |billustrations |
| 336 | |atext|btxt|2rdacontent |
| 337 | |acomputer|bc|2rdamedia |
| 338 | |aonline resource|bcr|2rdacarrier |
| 500 | |aDigitized edition from print [provided by Agriculture and Agri-Food Canada]. |
| 610 | 25|aExperimental Station (Farnham, Québec) |
| 650 | 0|aAgricultural experiment stations|zQuébec (Province)|zFarnham. |
| 650 | 6|aStations agronomiques|zQuébec (Province)|zFarnham. |
| 710 | 2 |aExperimental Station (Farnham, Québec), |eissuing body. |
| 710 | 2 |aDominion Experimental Farms and Stations (Canada), |eissuing body. |
| 856 | 40|qPDF|s8.06 MB|uhttps://publications.gc.ca/collections/collection_2025/aac-aafc/A51-144-1935-eng.pdf |